Můj příšerný syn /
Humorné i nostalgické vyprávění české herečky, ve kterém s jemnou ironií sobě vlastní vzpomíná na výchovu mladšího synka.
Uloženo v:
| Hlavní autor: | |
|---|---|
| Médium: | E-kniha |
| Jazyk: | Czech |
| Vydáno: |
V Praze :
Motto,
2024
|
| Vydání: | 1. vydání |
| Témata: | |
| Tagy: |
Žádné tagy |
| LEADER | 03261nam a2200673 i 4500 | ||
|---|---|---|---|
| 001 | 312544 | ||
| 003 | CZ PrSKC | ||
| 005 | 20260601215724.0 | ||
| 007 | ta | ||
| 008 | 241025s2024 xr g 000 jacze | ||
| 015 | |a cnb003638113 | ||
| 020 | |a 9788026727507 |q (vázáno) | ||
| 035 | |a (OCoLC)1477941529 | ||
| 040 | |a ABG001 |b cze |e rda | ||
| 043 | |a e-xr--- | ||
| 045 | |a x-y- | ||
| 072 | 7 | |a 821.162.3-3 |x Česká próza |2 Konspekt | |
| 072 | 7 | |a 929 |x Biografie |2 Konspekt | |
| 080 | |a 821.162.3-32 |2 MRF | ||
| 080 | |a 791/792.071.2-055.2 |2 MRF | ||
| 080 | |a 173.5/.7 |2 MRF | ||
| 080 | |a 821.162.3-055.2 |2 MRF | ||
| 080 | |a 929 |2 MRF | ||
| 080 | |a (437.3) |2 MRF | ||
| 080 | |a (0:82-321.5) |2 MRF | ||
| 080 | |a (0:82-94) |2 MRF | ||
| 100 | 1 | |a Devátá, Ivanka, |d 1935- |7 jn19990209138 |4 aut | |
| 245 | 1 | 0 | |a Můj příšerný syn / |c Ivanka Devátá |
| 250 | |a 1. vydání | ||
| 264 | 1 | |a V Praze : |b Motto, |c 2024 | |
| 300 | |a 185 stran ; |c 19 cm | ||
| 336 | |a text |b txt |2 rdacontent | ||
| 337 | |a bez média |b n |2 rdamedia | ||
| 338 | |a svazek |b nc |2 rdacarrier | ||
| 520 | 2 | |a Humorné i nostalgické vyprávění české herečky, ve kterém s jemnou ironií sobě vlastní vzpomíná na výchovu mladšího synka. |b "Adámek zdědil po tatínkovi všechno - podobu i vlastnosti. Bohužel jen ty špatné," říká s nadsázkou sobě vlastní herečka a spisovatelka Ivanka Devátá. V zábavném a nostalgickém vyprávění o svém mladším synovi Adamovi se noří do početných vzpomínek - na synovo dětství a dospívání, na jeho otce Josefa Vinkláře, ale i na dalšího osudového muže svého života. Nakladatelská anotace. | |
| 600 | 1 | 7 | |a Devátá, Ivanka, |d 1935- |7 jn19990209138 |2 czenas |
| 648 | 7 | |a 20.-21. století |7 ch462155 |2 czenas | |
| 650 | 0 | 7 | |a herečky |7 ph120685 |z Česko |y 20.-21. století |2 czenas |
| 650 | 0 | 7 | |a herečky |7 ph120685 |x partnerské a rodinné vztahy |2 czenas |
| 650 | 0 | 7 | |a české spisovatelky |7 ph128153 |y 20.-21. století |2 czenas |
| 650 | 0 | 7 | |a české spisovatelky |7 ph128153 |x partnerské a rodinné vztahy |2 czenas |
| 650 | 0 | 7 | |a matky a synové |7 ph122687 |2 czenas |
| 650 | 0 | 9 | |a actresses |z Czechia |y 20th-21st centuries |2 eczenas |
| 650 | 0 | 9 | |a actresses |x partner and family relationships |2 eczenas |
| 650 | 0 | 9 | |a Czech women authors |y 20th-21st centuries |2 eczenas |
| 650 | 0 | 9 | |a Czech women authors |x partner and family relationships |2 eczenas |
| 650 | 0 | 9 | |a mothers and sons |2 eczenas |
| 655 | 7 | |a české příběhy |7 fd133973 |2 czenas | |
| 655 | 7 | |a humoristické příběhy |7 fd132430 |2 czenas | |
| 655 | 7 | |a autobiografické vzpomínky |7 fd131854 |2 czenas | |
| 655 | 9 | |a Czech stories |2 eczenas | |
| 655 | 9 | |a humorous stories |2 eczenas | |
| 655 | 9 | |a autobiographical reminiscences |2 eczenas | |
| 900 | |a ABA001 |b 19 | ||
| 928 | 9 | |a Albatros Media - Motto | |
| 044 | |a xr | ||
| 910 | |a RBIT002 | ||
| 998 | |d 414944 |a https://core.palmknihy.cz/api/books/414944/cover?slmm19 |b https://core.palmknihy.cz/api/books/414944/cover/400?slmm19 |c https://core.palmknihy.cz/api/books/414944/cover/50?slmm19 |e 2034-12-31 |g 196 |i 9788026727507 |j https://core.palmknihy.cz/api/books/414944/preview.epub |k https://core.palmknihy.cz/api/books/414944/preview.pdf |l |q 49 |r 1 |s https://www.palmknihy.cz/kniha/414944 |t ebook |y 2024 |z 0 | ||
| 999 | |d 312542 | ||